Quiz da Segunda Guerra Mundial - Statistics

Estatísticas Gerais
  • Esse quiz foi jogado 944 vezes
  • A pontuação média é 8 de 15
Estatísticas das Respostas
Questão Resposta % Correto
Apesar de ultimatos e ameaças do Reino Unido e França, a Alemanha seguiu com o plano de invadir a Polônia
94%
Os horrores e crimes humanitários realizados pela Alemanha, em conjunto da tragédia que foi a Segunda Guerra Mundial, comoveram a comunidade internacional a criar direitos básicos para todos os seres do planeta. Como isso ficou conhecido? Declaração Universal dos Direitos Humanos
81%
Qual foi a batalha mais sangrenta de toda guerra? Batalha de Stalingrado
76%
Os nomes das bombas nucleares atiradas contra o Japão eram Little Boy e Fat Man
75%
A guerra na Ásia não foi menos horrorosa quanto a europeia, colecionando atrocidades que traumatizaram gerações e mudaram a história. Qual técnica suicida e desesperada foi utilizada pela força aérea japonesa quando se viu estar perdendo a guerra? Técnica Kamikaze
75%
Qual foi o fim de Mussolini? Escorraçado pelos próprios italianos, posto em praça pública de Roma já morto e violado de todas as maneiras.
72%
A Espanha entrou na guerra ao lado do Eixo, devido as simpatias de Francisco Franco com Hitler? Não
69%
Inicialmente, antes de Churchill, o até então primeiro ministro inglês subestimou a audácia de Hitler. Quem era ele? Neville Chamberlain
54%
O pacto que selou um acordo de não agressão entre União Soviética e a Alemanha Nazista chama-se Pacto Molotov-Ribbentrop
44%
O ano em que os Estados Unidos entraram na guerra foi 1941
43%
Um filme lançado durante a guerra, com um contexto sobre o conflito, que se pode citar é Casablanca
41%
Qual desses é o presidente americano Harry Truman?
35%
O Brasil, assim como a Argentina e outros países, tinha simpatias ao regime fascista da Itália e Alemanha, porém se aliou aos Aliados. Qual ministro de Getúlio Vargas apoiou o ingresso a essa aliança e qual a reprovava, preferindo o Eixo, respectivamente? Osvaldo Aranha e Eurico Gaspar Dutra
34%
A África teve papel fundamental durante a época, seja como refúgio para o governo francês capitulado ou como cercamento do Eixo, quais desses países não era uma colônia francesas na época? Gana
23%
Os dois países que mais tiveram mortalidades durante a guerra foram União Soviética e China
19%
Nenhum quiz correspondente encontrado
Distribuição das Pontuações
Porcentagem de Pessoas com Cada Pontuação
Percentil de Números Respondidos
Sua Pontuação Histórica
Você não jogou esse quiz